00749nam a22002177a 450000500170000001000130001702000220003003500130005203700160006504000120008108200170009310000230011024500890013326000450022227001340026730000230040150000480042465000150047265000260048770000180051320170124105943.0 aB-181234 c325.00a818749882 aB-181234 bCen Lib/Ret aDPLbEN a302.544bJHA aJha, Praveen Kumar aPsychology of organisational alienation / cby Praveen Kumar Jha [and] Ranjan Prasad aNew DelhibSaloni Publishing Housec2004 a4675/21, Ansari Road, Darya Ganj bNew Delhie110002 axi,143p.c22cm(Hb) aIncludes bibliographic references and index aPsychology aPsychological studies aPrasad, Rajan